| 000 | 01123nam a22002657a 4500 | ||
|---|---|---|---|
| 003 | PE SENCICO BE | ||
| 005 | 20251020182646.0 | ||
| 008 | 231108b |||||||| |||| 00| 0 eng d | ||
| 040 |
_aPE SENCICO BE _cPE SENCICO BE |
||
| 041 | _aspa | ||
| 084 |
_aI _aRED _a2018 _bQ9 |
||
| 100 | 1 |
_91759 _aQuispe Vega, Rubén Eleazar _eautor |
|
| 245 | 1 |
_aMantenimiento correctivo del sistema secundario de agua potable / _cRubén Eleazar Quispe Vega |
|
| 260 |
_aLima : _c2018 |
||
| 300 |
_a62 h. : _bil. col., diagrs., tabls. ; _c30 cm. |
||
| 502 | _aMonografía de Titulación.-- Servicio Nacional de Capacitación para la Industria de la Construcción. Escuela Superior Técnica. Carrera Profesional Técnica en Redes de Agua Potable y Agua Residual, 2018 | ||
| 650 | 1 | 0 |
_91733 _aRedes de distribución de agua |
| 650 | 2 | 0 |
_91753 _aAgua potable |
| 650 | 2 | 0 |
_9355 _aAbastecimiento de agua |
| 650 | 2 | 0 |
_91668 _aTuberías para agua |
| 650 | 2 | 0 |
_955 _aSaneamiento |
| 710 | 1 |
_aServicio Nacional de Capacitación para la Industria de la Construcción. _bEscuela Superior Técnica _91065 |
|
| 910 |
_bhfp _chfp |
||
| 942 |
_cMON _2ddc |
||
| 999 |
_c4419 _d4419 |
||